Agreement and schedule of conditions of building contract [without quantities] issued under the sanction of the Royal Institute of British Architects, the National Federation of Building Trades Employers and the Royal Institution of Chartered Surveyors. (Record no. 87003)

MARC details
000 -LEADER
fixed length control field 00701cam a2200205 4500
001 - CONTROL NUMBER
control field D8371
008 - FIXED-LENGTH DATA ELEMENTS--GENERAL INFORMATION
fixed length control field 090401t1957 xxu||||| |||| 00| 0 eng d
035 ## - SYSTEM CONTROL NUMBER
System control number (Sirsi) u12523
041 ## - LANGUAGE CODE
Language code of text/sound track or separate title eng
050 ## - LIBRARY OF CONGRESS CALL NUMBER
Classification number 692.8
110 ## - MAIN ENTRY--CORPORATE NAME
Corporate name or jurisdiction name as entry element Royal Institute of British Architects
9 (RLIN) 2527
245 ## - TITLE STATEMENT
Title Agreement and schedule of conditions of building contract [without quantities] issued under the sanction of the Royal Institute of British Architects, the National Federation of Building Trades Employers and the Royal Institution of Chartered Surveyors.
250 ## - EDITION STATEMENT
Edition statement Rev
260 ## - PUBLICATION, DISTRIBUTION, ETC.
Place of publication, distribution, etc. London
Name of publisher, distributor, etc. RIBA
Date of publication, distribution, etc. 1957
300 ## - PHYSICAL DESCRIPTION
Extent 18p. 33cm
350 ## - PRICE (NR) (BK AM CF MU VM SE) [OBSOLETE]
Price 0
520 ## - SUMMARY, ETC.
Summary, etc. Cover title
942 ## - ADDED ENTRY ELEMENTS (KOHA)
Suppress in OPAC 0
948 ## - LOCAL PROCESSING INFORMATION (OCLC); SERIES PART DESIGNATOR (RLIN)
c (OCLC) 04/03/1997
Holdings
Withdrawn status Lost status Source of classification or shelving scheme Damaged status Not for loan Home library Current library Shelving location Date acquired Total Checkouts Full call number Barcode Date last seen Copy number Price effective from Koha item type
    Dewey Decimal Classification     London London Basement 14/09/1999   SHELF 302 30008686 06/08/2019 1 06/08/2019 Reference material